000
00260nam a22001097a 4500
008
170112b xxu||||| |||| 00| 0 eng d
020
_a
0781721911
041
_a
eng
080
_2
9TH
_a
618.2
245
_a
MEDICAL-SURGICAL NURSING
_c
SMELTZERM S.C
942
_2
udc
_c
BK
999
_c
2820
_d
2820